มุมมองปกติ
มุมมองแบบ MARC
- คณะอนุกรรมาธิการการเสริมสร้างธรรมาภิบาล ในคณะกรรมาธิการศึกษาตรวจสอบเรื่องการทุจริต ประพฤติมิชอบและเสริมสร้างธรรมาภิบาล วุฒิสภา
รายการ Corporate Name
001 - CONTROL NUMBER
- control field: 65436
003 - CONTROL NUMBER IDENTIFIER
- control field: NALT
005 - DATE AND TIME OF LATEST TRANSACTION
- control field: 20250204113652.0
008 - FIXED-LENGTH DATA ELEMENTS
- fixed length control field: 250204|| aca||aabn | a|a d
040 ## - CATALOGING SOURCE
- Original cataloging agency: NALT
110 2# - HEADING--CORPORATE NAME
- Corporate name or jurisdiction name as entry element: คณะอนุกรรมาธิการการเสริมสร้างธรรมาภิบาล ในคณะกรรมาธิการศึกษาตรวจสอบเรื่องการทุจริต ประพฤติมิชอบและเสริมสร้างธรรมาภิบาล วุฒิสภา
